The strategy of managing innovation and technology

Bibliographic Details
Main Author: Millson, Murray R
Other Authors: Wilemon, David
Format: Book
Language:English
Published: New Jersey : Prentice Hall , 2007
Subjects:

MARC

LEADER 00000cam a2200000 7i4500
001 0000023832
005 20111110.0
008 111109s njua eng
020 |a 9780132303835 ,   |c RM150.00 
040 |a INS 
090 0 0 |a HD45   |b M55 2007 
100 1 |a Millson, Murray R 
245 1 4 |a The strategy of managing innovation and technology   |c Murray R.Millson, David Wilemon 
260 |a New Jersey :   |b Prentice Hall ,   |c 2007 
300 |a xviii, 986p. :   |b ill. ;   |c 28cm. 
500 |a Includes index 
650 0 |a Industrial management 
650 0 |a Technological innovations   |x Economic aspects 
650 0 |a Technological innovations   |x Management 
700 1 |a Wilemon, David 
999 |a 1000000400   |b BOOK   |c Open Shelf   |e Default branch